[Event "FRA-ch op-B"]
[Site "Chartres"]
[Date "2019.??.??"]
[Round "2"]
[White "Fleurquin, Bryan"]
[Black "Dieuleveut, Floriane"]
[Result "1/2-1/2"]
[WhiteElo "1906"]
[BlackElo "1833"]
[PlyCount "68"]
[EventDate "2019.08.17"]
[EventType "swiss"]
[EventRounds "9"]
[EventCountry "FRA"]
[SourceTitle "EXT 2020"]
[Source "ChessBase"]
[SourceDate "2019.10.17"]
[SourceVersion "1"]
[SourceVersionDate "2019.10.17"]
[SourceQuality "1"]

1. d4 Nf6 2. c4 g6 3. Nc3 Bg7 4. e4 d6 5. Nf3 0-0 6. Bd3 Bg4 7. Be3 Nc6 8. h3 Bxf3 9. gxf3 Nd7 10. Ne2 Nb4 11. a3 Nxd3+ 12. Qxd3 c5 13. Rd1 cxd4 14. Bxd4 Bxd4 15. Nxd4 Nc5 16. Qe3 Ne6 17. Nxe6 fxe6 18. h4 Qa5+ 19. Ke2 Qe5 20. Qd4 Qxd4 21. Rxd4 Rac8 22. b3 Rc5 23. Ke3 Rh5 24. Rdd1 Rc5 25. Rdg1 Kf7 26. Rg5 Rfc8 27. Rxc5 Rxc5 28. f4 b5 29. Kd4 bxc4 30. bxc4 Ra5 31. Ra1 Rh5 32. Rh1 Ra5 33. Ra1 Rh5 34. Rh1 Ra5 1/2-1/2

[Event "FRA-chT Top 12 (Women) GpB"]
[Site "Mulhouse"]
[Date "2016.05.08"]
[Round "5.4"]
[White "Dieuleveut, Floriane"]
[Black "Milroy, Melena"]
[Result "0-1"]
[WhiteElo "1816"]
[BlackElo "1510"]
[PlyCount "82"]
[EventDate "2016.05.05"]
[EventType "team-tourn"]
[EventRounds "5"]
[EventCountry "FRA"]
[SourceTitle "CBM 172 Extra"]
[Source "ChessBase"]
[SourceDate "2016.06.21"]
[SourceVersion "1"]
[SourceVersionDate "2016.06.21"]
[SourceQuality "1"]
[WhiteTeam "Villepinte (W)"]
[BlackTeam "Clichy Echecs 92 (W)"]
[WhiteTeamCountry "FRA"]
[BlackTeamCountry "FRA"]

1. e4 d5 2. exd5 Nf6 3. Nc3 Nxd5 4. Bc4 Nb6 5. Bb3 Nc6 6. a3 Bf5 7. d3 e6 8. Nge2 Bc5 9. Ng3 Bg6 10. Nce4 Be7 11. Be3 Nd5 12. Ba4 Nxe3 13. Bxc6+ bxc6 14. fxe3 f5 15. Nd2 Rb8 16. Nc4 Bf6 17. Rb1 0-0 18. 0-0 Qd7 19. Kh1 Qd5 20. Nh5 Be7 21. Nf4 Qd7 22. Ne5 Qe8 23. Nexg6 hxg6 24. Nxe6 Rf6 25. Nf4 Bd6 26. Qf3 g5 27. Ne2 Rh6 28. g3 g6 29. Rf2 g4 30. Qg2 Qxe3 31. b3 Kg7 32. Qg1 Rbh8 33. a4 Qc5 34. Rc1 Qd5+ 35. Rg2 Rh3 36. Qd4+ Qxd4 37. Nxd4 Bxg3 38. Kg1 Bxh2+ 39. Kf2 Bd6 40. Nxc6 Rf3+ 41. Ke2 Re8+ 0-1

[Event "FRA-chT Top 12 (Women) GpB"]
[Site "Mulhouse"]
[Date "2016.05.07"]
[Round "3.4"]
[White "Dieuleveut, Floriane"]
[Black "Huisman, Chloe"]
[Result "0-1"]
[WhiteElo "1816"]
[BlackElo "1948"]
[PlyCount "62"]
[EventDate "2016.05.05"]
[EventType "team-tourn"]
[EventRounds "5"]
[EventCountry "FRA"]
[SourceTitle "CBM 172 Extra"]
[Source "ChessBase"]
[SourceDate "2016.06.21"]
[SourceVersion "1"]
[SourceVersionDate "2016.06.21"]
[SourceQuality "1"]
[WhiteTeam "Villepinte (W)"]
[BlackTeam "Evry (W)"]
[WhiteTeamCountry "FRA"]
[BlackTeamCountry "FRA"]

1. e4 d5 2. exd5 Qxd5 3. Nc3 Qd6 4. Bc4 Nf6 5. d3 a6 6. Nge2 b5 7. Bb3 Bb7 8. f3 Qb6 9. Ng3 e6 10. Nce4 Be7 11. Qe2 Nd5 12. Nh5 0-0 13. f4 Nd7 14. Bd2 Nc5 15. Nxc5 Bxc5 16. 0-0-0 Ne3 17. Rde1 Nf5 18. c3 b4 19. Rhf1 Bd5 20. Bxd5 exd5 21. g4 bxc3 22. Bxc3 d4 23. gxf5 dxc3 24. bxc3 Ba3+ 25. Kd2 Qb2+ 26. Ke3 Rae8+ 27. Kf3 Rxe2 28. Rxe2 Qxc3 29. Rg1 Qxd3+ 30. Re3 Qd5+ 31. Ke2 Qxa2+ 0-1

[Event "FRA-ch U20 Girls"]
[Site "Gonfreville"]
[Date "2016.04.16"]
[Round "7"]
[White "Rouzes, Sibylle Anne"]
[Black "Dieuleveut, Floriane"]
[Result "0-1"]
[WhiteElo "1602"]
[BlackElo "1840"]
[PlyCount "78"]
[EventDate "2016.04.10"]
[EventType "swiss"]
[EventRounds "9"]
[EventCountry "FRA"]
[SourceTitle "CBM 171 Extra"]
[Source "ChessBase"]
[SourceDate "2016.04.26"]
[SourceVersion "1"]
[SourceVersionDate "2016.04.26"]
[SourceQuality "1"]

1. e4 c5 2. Nf3 Nc6 3. d4 cxd4 4. Nxd4 g6 5. c4 Bg7 6. Be3 d6 7. Nc3 Nf6 8. h3 0-0 9. Be2 Bd7 10. 0-0 Rc8 11. Rc1 Ne5 12. b3 Bc6 13. Nxc6 bxc6 14. Qd2 Qa5 15. Qd4 Nd5 16. Qxa7 Qxa7 17. Bxa7 Nxc3 18. Rxc3 c5 19. b4 Nc6 20. Ra3 Ra8 21. b5 Rxa7 22. Rxa7 Nxa7 23. Rb1 Bc3 24. Rb3 Bb4 25. a3 Ba5 26. b6 Nc6 27. b7 Rb8 28. Rb5 Bc7 29. Bf3 e5 30. Bg4 f5 31. exf5 Na5 32. Bf3 gxf5 33. Bd5+ Kf8 34. Kf1 Ke7 35. Ke2 Kd7 36. a4 Nc6 37. Kd2 Ba5+ 38. Kd1 Bb4 39. Rb6 Na5 0-1

[Event "FRA-ch U18 Girls"]
[Site "Montbeliard"]
[Date "2014.04.24"]
[Round "6"]
[White "Hernandez, Lara"]
[Black "Dieuleveut, Floriane"]
[Result "1-0"]
[WhiteElo "1706"]
[BlackElo "1699"]
[PlyCount "87"]
[EventDate "2014.04.21"]
[EventType "swiss"]
[EventRounds "9"]
[EventCountry "FRA"]
[SourceTitle "CBM 160 Extra"]
[Source "ChessBase"]
[SourceDate "2014.07.01"]
[SourceVersion "1"]
[SourceVersionDate "2014.07.01"]
[SourceQuality "1"]

1. d4 Nf6 2. c4 g6 3. Nf3 Bg7 4. g3 d6 5. Bg2 0-0 6. 0-0 Nfd7 7. Nc3 Nc6 8. b3 e5 9. Bb2 f5 10. e4 exd4 11. Nd5 Nc5 12. Nxd4 Ne5 13. exf5 Bxf5 14. Nxf5 Rxf5 15. Rb1 c6 16. Ne3 Rf7 17. f4 Ned3 18. Bxg7 Rxg7 19. b4 Nxb4 20. Rxb4 Qa5 21. Rb2 Na4 22. Rd2 Re8 23. Ng4 Nc3 24. Qc2 Re6 25. f5 gxf5 26. Nf2 Rge7 27. Nd3 Ne2+ 28. Kh1 Nd4 29. Qb2 Ne2 30. Nf4 Nxf4 31. Rxf4 Re1+ 32. Rf1 Qc5 33. Qd4 Qb4 34. Rdf2 Qb1 35. Qxd6 R7e2 36. Qf4 Qxa2 37. Rxe2 Rxe2 38. Qb8+ Kf7 39. Qxb7+ Kg8 40. Qc8+ Kf7 41. Qxf5+ Ke7 42. Qf6+ Kd7 43. Qxc6+ Ke7 44. Qc5+ 1-0

[Event "FRA-ch U18 Girls"]
[Site "Montbeliard"]
[Date "2014.04.21"]
[Round "2"]
[White "Dieuleveut, Floriane"]
[Black "Navrotescu, Andreea Cristiana"]
[Result "0-1"]
[WhiteElo "1699"]
[BlackElo "2190"]
[PlyCount "116"]
[EventDate "2014.04.21"]
[EventType "swiss"]
[EventRounds "9"]
[EventCountry "FRA"]
[SourceTitle "CBM 160 Extra"]
[Source "ChessBase"]
[SourceDate "2014.07.01"]
[SourceVersion "1"]
[SourceVersionDate "2014.07.01"]
[SourceQuality "1"]

1. e4 c5 2. Nc3 g6 3. f4 Bg7 4. Nf3 Nc6 5. Bc4 a6 6. a4 d6 7. d3 e6 8. 0-0 Nge7 9. Qe1 Nd4 10. Nxd4 cxd4 11. Ne2 d5 12. exd5 Nxd5 13. Ng3 0-0 14. Ne4 b6 15. h4 h5 16. Ng5 Bb7 17. Bd2 Qd7 18. Qe2 Qc6 19. Ne4 Nf6 20. Rae1 Qxa4 21. Nd6 Bd5 22. b3 Qc6 23. Bb4 Ng4 24. Bxd5 Qxd5 25. Nc4 Rfb8 26. Ra1 b5 27. Na3 Rc8 28. Rac1 a5 29. Bd2 a4 30. Rb1 Bf8 31. b4 Be7 32. g3 Bf6 33. Rfe1 e5 34. Qe4 Rd8 35. Re2 Qa2 36. Bc1 exf4 37. Qxf4 Re8 38. Qf3 Bg7 39. Qf1 Qd5 40. Bf4 Ne3 41. Bxe3 dxe3 42. Qe1 Rac8 43. Kh2 Bc3 44. Qg1 Qf3 45. Qg2 Qg4 46. Nxb5 Bxb4 47. c3 Bf8 48. c4 Qf5 49. Rd1 Bb4 50. Kg1 Rcd8 51. Nc7 Re5 52. Nd5 Bf8 53. Rxe3 Rxe3 54. Nxe3 Bc5 55. Qe2 Qe5 56. Kf2 Re8 57. Re1 Qf5+ 58. Kg2 Rxe3 0-1

[Event "FRA-ch op-C"]
[Site "Nancy"]
[Date "2013.08.15"]
[Round "4"]
[White "Dieuleveut, Floriane"]
[Black "Buisson, Lionel"]
[Result "0-1"]
[WhiteElo "1728"]
[BlackElo "1594"]
[PlyCount "102"]
[EventDate "2013.08.11"]
[EventType "swiss"]
[EventRounds "11"]
[EventCountry "FRA"]
[SourceTitle "CBM 156 Extra"]
[Source "ChessBase"]
[SourceDate "2013.10.22"]
[SourceVersion "1"]
[SourceVersionDate "2013.10.22"]
[SourceQuality "1"]

1. e4 e5 2. Nf3 Nc6 3. Bc4 Bc5 4. d3 Nf6 5. 0-0 h6 6. c3 0-0 7. Bb3 d6 8. Nbd2 Be6 9. Bc2 d5 10. b4 Bd6 11. Re1 dxe4 12. Nxe4 Nxe4 13. dxe4 Qf6 14. h3 Ne7 15. Nh2 Qg6 16. Kh1 f5 17. exf5 Bxf5 18. Bxf5 Rxf5 19. Be3 e4 20. Qg4 Be5 21. Qxe4 Qf7 22. g4 Bxc3 23. gxf5 Qd5 24. Qxd5+ Nxd5 25. a3 a5 26. Red1 Nxe3 27. fxe3 Bxa1 28. Rxa1 axb4 29. a4 c5 30. Nf3 b5 31. a5 b3 32. Nd2 c4 33. Ne4 b4 34. Rb1 Rxa5 35. Nd2 Rc5 36. Nxc4 Rxc4 37. Rxb3 Kf7 38. Kg2 Kf6 39. Kf3 Kxf5 40. Kg3 g5 41. Kf3 h5 42. Kg3 Ke5 43. Kf2 Kd5 44. Rd3+ Kc5 45. Kf3 Rh4 46. Kg3 Kc4 47. Rd2 b3 48. Rd8 Kb4 49. Rb8+ Kc3 50. Rb5 b2 51. Rxg5 Re4 0-1

[Event "FRA-ch U16 Girls"]
[Site "Saint Paul Trois Chateaux"]
[Date "2013.05.03"]
[Round "6"]
[White "Duval, Claire"]
[Black "Dieuleveut, Floriane"]
[Result "1-0"]
[WhiteElo "1759"]
[BlackElo "1741"]
[PlyCount "133"]
[EventDate "2013.04.28"]
[EventType "swiss"]
[EventRounds "9"]
[EventCountry "FRA"]
[SourceTitle "CBM 154 Extra"]
[Source "ChessBase"]
[SourceDate "2013.06.25"]
[SourceVersion "2"]
[SourceVersionDate "2013.06.25"]
[SourceQuality "1"]

1. d4 Nf6 2. c4 c5 3. d5 b5 4. cxb5 a6 5. bxa6 Bxa6 6. Nc3 d6 7. Nf3 g6 8. g3 Bg7 9. Bg2 Nbd7 10. Rb1 0-0 11. 0-0 Qb6 12. h3 Rfb8 13. b3 Ne8 14. Bb2 Qa5 15. Qd2 Nc7 16. Na4 Qxd2 17. Nxd2 Bxe2 18. Rfe1 Bb5 19. Bxg7 Kxg7 20. Nc3 Kf8 21. Re3 Nf6 22. Rbe1 Re8 23. a4 Ba6 24. Rd1 Bb7 25. Nc4 Nd7 26. Na3 Ba6 27. Bf1 Rab8 28. Nab5 Nxb5 29. Nxb5 Bxb5 30. Bxb5 Rb7 31. Rde1 Ra7 32. Kg2 Rea8 33. Rxe7 Nb6 34. Rxa7 Rxa7 35. Re8+ Kg7 36. Rd8 Nxd5 37. Rxd6 Nf6 38. Rd2 Rc7 39. Rc2 Nd5 40. Rd2 Nb4 41. Rd7 Rc8 42. Bc4 Nc6 43. Rxf7+ Kh6 44. Rf3 Rb8 45. Rc3 Na5 46. Bb5 Nb7 47. Kf3 Rf8+ 48. Ke2 Rf5 49. Rd3 Re5+ 50. Kd2 Rf5 51. f3 Na5 52. Kc3 Nb7 53. Bc6 Na5 54. Be4 Rf7 55. Rd8 c4 56. b4 Nb3 57. Kxc4 Nc1 58. Kb5 Ne2 59. g4 Nf4 60. Rd6 Nxh3 61. Ka6 Ng5 62. b5 Rf4 63. b6 Nxe4 64. fxe4 Rxe4 65. a5 Rxg4 66. b7 Rb4 67. Ka7 1-0

[Event "FRA-ch U16 Girls"]
[Site "Saint Paul Trois Chateaux"]
[Date "2013.04.30"]
[Round "3"]
[White "Le Du, Maelle"]
[Black "Dieuleveut, Floriane"]
[Result "1/2-1/2"]
[WhiteElo "1632"]
[BlackElo "1741"]
[PlyCount "101"]
[EventDate "2013.04.28"]
[EventType "swiss"]
[EventRounds "9"]
[EventCountry "FRA"]
[SourceTitle "CBM 154 Extra"]
[Source "ChessBase"]
[SourceDate "2013.06.25"]
[SourceVersion "2"]
[SourceVersionDate "2013.06.25"]
[SourceQuality "1"]

1. c4 e5 2. Nc3 Nc6 3. g3 f5 4. d3 Nf6 5. Bg2 Bc5 6. Bg5 0-0 7. Nf3 Qe8 8. Bxf6 gxf6 9. 0-0 d6 10. Nd5 Qf7 11. Qd2 Qg7 12. b4 Bb6 13. a4 Nd4 14. Rab1 Nxf3+ 15. Bxf3 c6 16. Nxb6 axb6 17. Ra1 f4 18. Bg2 Kf7 19. a5 h5 20. e3 fxg3 21. fxg3 bxa5 22. bxa5 Rh8 23. Qf2 Be6 24. Rfb1 Bc8 25. Bh3 Qf8 26. Bf5 Qe7 27. Qf3 Bxf5 28. Qxf5 Ra7 29. Qe4 Qd7 30. Rf1 Qg4 31. Qf5 Qxf5 32. Rxf5 Kg6 33. e4 Rha8 34. Raf1 Rf8 35. Ra1 d5 36. cxd5 cxd5 37. Kg2 dxe4 38. dxe4 b6 39. a6 b5 40. Rf3 b4 41. Ra4 Rb8 42. Rb3 Rb6 43. h4 Raxa6 44. Rxa6 Rxa6 45. Rxb4 Ra2+ 46. Kf3 Ra3+ 47. Kg2 Ra2+ 48. Kf3 Ra3+ 49. Kg2 Ra2+ 50. Kf3 Ra3+ 51. Kg2 1/2-1/2

[Event "FRA-ch op-C"]
[Site "Caen"]
[Date "2011.08.24"]
[Round "8"]
[White "Roussette, Stephane"]
[Black "Dieuleveut, Floriane"]
[Result "0-1"]
[WhiteElo "1749"]
[BlackElo "1699"]
[PlyCount "96"]
[EventDate "2011.08.16"]
[EventType "swiss"]
[EventRounds "11"]
[EventCountry "FRA"]
[SourceTitle "EXT 2012"]
[Source "ChessBase"]
[SourceDate "2011.11.24"]
[SourceVersion "1"]
[SourceVersionDate "2011.11.24"]
[SourceQuality "1"]

1. e4 c5 2. Nc3 Nc6 3. g3 g6 4. Bg2 Bg7 5. d3 e6 6. Be3 d6 7. f4 Nge7 8. Nf3 0-0 9. 0-0 Qb6 10. Rb1 d5 11. Bf2 Qa5 12. d4 dxe4 13. Nxe4 cxd4 14. Nxd4 Qxa2 15. Qd3 Rd8 16. c3 Nxd4 17. cxd4 Qa4 18. Qa3 Qxa3 19. bxa3 Rb8 20. Rfd1 Nf5 21. Rb4 a5 22. Ra4 b6 23. g4 Bd7 24. Rc4 Bb5 25. Rc7 Nxd4 26. Bxd4 Bxd4+ 27. Kh1 Be5 28. Rcc1 Bxf4 29. Rb1 Bd3 30. Ra1 Be5 31. Ra2 Bc4 32. Rad2 Rxd2 33. Rxd2 Rc8 34. Nd6 Bxd6 35. Rxd6 Bb3 36. Bb7 Rc1+ 37. Kg2 b5 38. Rb6 Bc4 39. Ba6 Rb1 40. a4 Bd5+ 41. Kg3 Rb3+ 42. Kf4 f6 43. g5 Rf3+ 44. Kg4 f5+ 45. Kh4 bxa4 46. Bc8 a3 47. Ra6 a2 48. Rxa5 Rf1 0-1

[Event "FRA-ch U14 Girls"]
[Site "Montlucon"]
[Date "2011.04.24"]
[Round "9"]
[White "Likhoded, Victoria"]
[Black "Dieuleveut, Floriane"]
[Result "0-1"]
[WhiteElo "1671"]
[BlackElo "1636"]
[PlyCount "56"]
[EventDate "2011.04.17"]
[EventType "swiss"]
[EventRounds "9"]
[EventCountry "FRA"]
[SourceTitle "CBM 142 Extra"]
[Source "ChessBase"]
[SourceDate "2011.06.27"]
[SourceVersion "1"]
[SourceVersionDate "2011.06.27"]
[SourceQuality "1"]

1. c4 e5 2. Nc3 Nc6 3. Nf3 f5 4. d3 Nf6 5. g3 Bc5 6. Bg2 d6 7. 0-0 0-0 8. a3 a5 9. Bd2 Qe8 10. Nb5 Bb6 11. b4 Qh5 12. e3 f4 13. exf4 Bg4 14. c5 dxc5 15. bxc5 Bxc5 16. Qb3+ Kh8 17. d4 a4 18. Qc3 Ne4 19. Qd3 Nxd2 20. Qxd2 Bxf3 21. dxc5 exf4 22. Qc3 Bxg2 23. Kxg2 f3+ 24. Kh1 Qh3 25. Rg1 Rf6 26. Nd4 Nxd4 27. Qxd4 Rh6 28. Rad1 Qxh2# 0-1

[Event "FRA-ch U14 Girls"]
[Site "Montlucon"]
[Date "2011.04.19"]
[Round "4"]
[White "Dieuleveut, Floriane"]
[Black "Vernet, Solene"]
[Result "1-0"]
[WhiteElo "1636"]
[BlackElo "1707"]
[PlyCount "77"]
[EventDate "2011.04.17"]
[EventType "swiss"]
[EventRounds "9"]
[EventCountry "FRA"]
[SourceTitle "CBM 142 Extra"]
[Source "ChessBase"]
[SourceDate "2011.06.27"]
[SourceVersion "1"]
[SourceVersionDate "2011.06.27"]
[SourceQuality "1"]

1. e4 d6 2. f4 Nf6 3. Nc3 g6 4. Nf3 Bg7 5. Bc4 c6 6. d3 0-0 7. 0-0 Nbd7 8. Qe1 Nb6 9. Bb3 Qc7 10. Qh4 Nbd7 11. f5 a5 12. a4 Nh5 13. Ng5 b5 14. fxg6 hxg6 15. Bxf7+ Rxf7 16. Nxf7 Bf6 17. Ng5 Qb6+ 18. Kh1 Qc5 19. Qf2 Qe5 20. Nf3 Qe6 21. Bg5 b4 22. Bxf6 Ndxf6 23. Ne2 Ng4 24. Qb6 Bd7 25. Ned4 Qf7 26. Qb7 Rd8 27. Ng5 Qg7 28. Qc7 Rf8 29. Rxf8+ Qxf8 30. Qxd7 Qf4 31. Qe8+ Qf8 32. Qxf8+ Kxf8 33. Rf1+ Kg7 34. Nde6+ Kh6 35. Rf7 Nhf6 36. d4 Ne3 37. e5 dxe5 38. dxe5 Nh7 39. Rxh7# 1-0

[Event "Cap d'Agde CCAS op"]
[Site "Cap d'Agde"]
[Date "2010.10.25"]
[Round "3"]
[White "Seniuk, Andre"]
[Black "Dieuleveut, Floriane"]
[Result "1/2-1/2"]
[WhiteElo "1738"]
[BlackElo "1589"]
[PlyCount "61"]
[EventDate "2010.10.23"]
[EventType "swiss"]
[EventRounds "7"]
[EventCountry "FRA"]
[SourceTitle "EXT 2012"]
[Source "ChessBase"]
[SourceDate "2011.11.24"]
[SourceVersion "1"]
[SourceVersionDate "2011.11.24"]
[SourceQuality "1"]

1. e4 c5 2. c3 Nf6 3. e5 Nd5 4. d4 cxd4 5. Nf3 Nc6 6. cxd4 d6 7. Bc4 Nb6 8. Bb5 Bd7 9. Nc3 a6 10. Bd3 Bg4 11. exd6 Qxd6 12. Be3 Bxf3 13. Qxf3 g6 14. Rd1 Bg7 15. Bc2 Nc4 16. Bb3 N6a5 17. Ba4+ Nc6 18. Qe2 b5 19. Bb3 Nxe3 20. fxe3 Na5 21. 0-0 Nxb3 22. axb3 0-0 23. Ne4 Qd5 24. Nc5 e5 25. b4 exd4 26. Kh1 Rfd8 27. exd4 Bxd4 28. Rf4 Qe5 29. Re4 Qg7 30. Nxa6 Bxb2 31. Rxd8+ 1/2-1/2

[Event "FRA-ch U14 Girls"]
[Site "Troyes"]
[Date "2010.04.14"]
[Round "5"]
[White "Canterel, Cecile"]
[Black "Dieuleveut, Floriane"]
[Result "0-1"]
[WhiteElo "1840"]
[BlackElo "1613"]
[PlyCount "114"]
[EventDate "2010.04.11"]
[EventType "swiss"]
[EventRounds "9"]
[EventCountry "FRA"]
[SourceTitle "EXT 2012"]
[Source "ChessBase"]
[SourceDate "2011.11.24"]
[SourceVersion "1"]
[SourceVersionDate "2011.11.24"]
[SourceQuality "1"]

1. d4 Nf6 2. c4 g6 3. Nf3 Bg7 4. Nc3 0-0 5. g3 a6 6. Bg2 c5 7. 0-0 cxd4 8. Nxd4 Nc6 9. Nf3 d6 10. e4 Na5 11. Qd3 Bg4 12. Rb1 Qc8 13. b3 Bh3 14. Re1 Bxg2 15. Kxg2 Nc6 16. Ba3 Nd7 17. Qe3 Nde5 18. Bb2 Nb4 19. Nd5 Nxd5 20. exd5 Nxf3 21. Qxf3 Qd7 22. Bxg7 Kxg7 23. Qc3+ f6 24. f4 Rfe8 25. Re2 b5 26. Rc1 Kf8 27. Qd2 bxc4 28. Rxc4 Qb7 29. Kf1 Rac8 30. Qb2 Qxd5 31. Rce4 Kf7 32. Kg1 Qc5+ 33. Kg2 Qc3 34. Qa3 Qc6 35. Kf2 Qc5+ 36. Qxc5 Rxc5 37. Ra4 a5 38. Rd4 Rec8 39. Rde4 e5 40. fxe5 dxe5 41. Kf3 Rc3+ 42. R4e3 Rxe3+ 43. Rxe3 Rc2 44. Re2 Rc3+ 45. Re3 Rxe3+ 46. Kxe3 Ke6 47. a3 Kd5 48. h3 f5 49. h4 h6 50. b4 axb4 51. axb4 Kc4 52. b5 Kxb5 53. Kf3 Kc4 54. Ke3 Kc3 55. Ke2 Kd4 56. Kd2 h5 57. Ke2 Ke4 0-1

[Event "FRA-chT2 0910"]
[Site "France"]
[Date "2009.10.04"]
[Round "1.8"]
[White "Dieuleveut, Floriane"]
[Black "Fornell, Marie Therese"]
[Result "1-0"]
[WhiteElo "1626"]
[BlackElo "1510"]
[PlyCount "133"]
[EventDate "2009.09.27"]
[EventType "team-tourn"]
[EventRounds "11"]
[EventCountry "FRA"]
[SourceTitle "EXT 2011"]
[Source "ChessBase"]
[SourceDate "2010.11.26"]
[SourceVersion "1"]
[SourceVersionDate "2010.11.26"]
[SourceQuality "1"]

1. d4 c6 2. e4 d5 3. Nc3 dxe4 4. Nxe4 Bf5 5. Ng3 Bg6 6. h4 h6 7. h5 Bh7 8. Nf3 Nd7 9. Bf4 Qa5+ 10. Bd2 Qc7 11. Bc4 e6 12. a3 Ngf6 13. Ne2 Bd6 14. Qc1 0-0-0 15. Bf4 Nb6 16. Bb3 Nbd5 17. Bxd6 Rxd6 18. c4 Qa5+ 19. Qd2 Qxd2+ 20. Nxd2 Ne7 21. Nf3 Be4 22. c5 Rdd8 23. Ne5 Rhf8 24. Nxf7 Bd5 25. Bxd5 exd5 26. Nd6+ Kc7 27. Nf4 Rxd6 28. cxd6+ Kxd6 29. 0-0 Ne4 30. Nd3 Nf5 31. Ne5 Nxd4 32. Nd3 Rf5 33. g4 Rf3 34. Ne1 Rf4 35. f3 Ne2+ 36. Kg2 Ng5 37. Rf2 Nd4 38. Rd1 c5 39. Rd3 b5 40. Kg3 Nde6 41. Ng2 Rf6 42. Ne3 Nd4 43. b4 Rxf3+ 44. Rxf3 Ngxf3 45. Nf5+ Nxf5+ 46. Kxf3 c4 47. Rc3 d4 48. Rc2 d3 49. Rd2 Nd4+ 50. Ke4 c3 51. Rxd3 c2 52. Rc3 Ne6 53. Rxc2 Ke7 54. Re2 Kf6 55. Rf2+ Kg5 56. Ke5 Nd8 57. Rf8 Nc6+ 58. Kd5 Nxb4+ 59. axb4 Kxg4 60. Rg8 Kxh5 61. Rxg7 a6 62. Ra7 Kg4 63. Rxa6 h5 64. Ra5 h4 65. Rxb5 h3 66. Rc5 Kg3 67. Rc1 1-0

[Event "FRA-ch U12 Girls"]
[Site "Aix les Bains"]
[Date "2009.04.22"]
[Round "5"]
[White "Legrand, Claire"]
[Black "Dieuleveut, Floriane"]
[Result "0-1"]
[WhiteElo "1607"]
[BlackElo "1651"]
[PlyCount "76"]
[EventDate "2009.04.19"]
[EventType "swiss"]
[EventRounds "9"]
[EventCountry "FRA"]
[SourceTitle "CBM 130 Extra"]
[Source "ChessBase"]
[SourceDate "2009.07.02"]
[SourceVersion "2"]
[SourceVersionDate "2009.07.15"]
[SourceQuality "1"]

1. e4 c5 2. d3 Nc6 3. Nd2 g6 4. Ngf3 Bg7 5. g3 Nf6 6. Bg2 d6 7. 0-0 0-0 8. Re1 Qc7 9. c3 Bd7 10. a4 a6 11. Qe2 Rfe8 12. Nb3 Na5 13. Qc2 Qb6 14. Nxa5 Qxa5 15. Bd2 Rac8 16. h3 h6 17. e5 Nd5 18. c4 Nb4 19. Bxb4 Qxb4 20. Qc3 Qxc3 21. bxc3 Rb8 22. d4 Be6 23. Nd2 dxe5 24. dxe5 Red8 25. Nb3 b6 26. Bf1 Rdc8 27. Nd2 Rc7 28. Rab1 Rd7 29. Nf3 Bf5 30. Rb2 Bd3 31. Rd2 Rbd8 32. Red1 Bf5 33. Rxd7 Rxd7 34. Rxd7 Bxd7 35. Bd3 Bxa4 36. Kf1 Bd7 37. h4 Bg4 38. Ke2 Bxe5 0-1

[Event "FRA-ch U12 Girls"]
[Site "Aix les Bains"]
[Date "2009.04.21"]
[Round "4"]
[White "Dieuleveut, Floriane"]
[Black "Thomas, Apolline"]
[Result "1-0"]
[WhiteElo "1651"]
[BlackElo "1440"]
[PlyCount "63"]
[EventDate "2009.04.19"]
[EventType "swiss"]
[EventRounds "9"]
[EventCountry "FRA"]
[SourceTitle "CBM 130 Extra"]
[Source "ChessBase"]
[SourceDate "2009.07.02"]
[SourceVersion "2"]
[SourceVersionDate "2009.07.15"]
[SourceQuality "1"]

1. e4 e5 2. Nf3 Nc6 3. Bc4 Bc5 4. d3 Nf6 5. h3 d6 6. c3 Be6 7. Bb3 h6 8. Bc2 Qd7 9. Nbd2 0-0 10. Nf1 Rfe8 11. Ng3 d5 12. Ba4 Qd6 13. Bxc6 bxc6 14. d4 exd4 15. e5 Qe7 16. exf6 Qxf6 17. cxd4 Bb4+ 18. Kf1 Rab8 19. Be3 Bd7 20. Ne5 Qe6 21. Rc1 f6 22. Nxd7 Qxd7 23. Qc2 Rb6 24. Qf5 Qe7 25. Kg1 Bd6 26. Qf3 Bxg3 27. Qxg3 Kh7 28. Rc2 Qe4 29. Re2 Qe7 30. Bxh6 Qf7 31. Rxe8 gxh6 32. Rh8+ 1-0

[Event "FRA-chT U20 0809"]
[Site "Sautron"]
[Date "2009.01.03"]
[Round "5.5"]
[White "Perrois, Magali"]
[Black "Dieuleveut, Floriane"]
[Result "0-1"]
[WhiteElo "1340"]
[BlackElo "1646"]
[PlyCount "56"]
[EventDate "2008.10.??"]
[EventType "team-tourn"]
[EventRounds "11"]
[EventCountry "FRA"]
[SourceTitle "EXT 2010"]
[Source "ChessBase"]
[SourceDate "2010.11.25"]
[SourceVersion "1"]
[SourceVersionDate "2010.11.25"]
[SourceQuality "1"]

1. e4 c5 2. Nf3 Nc6 3. Bc4 g6 4. 0-0 Bg7 5. d3 Nf6 6. Nc3 0-0 7. Bf4 d6 8. Qd2 Na5 9. Bb3 Nxb3 10. axb3 Bd7 11. Bh6 Qc7 12. Qf4 Nh5 13. Qg5 Nf6 14. Bxg7 Kxg7 15. Nd5 Nxd5 16. Qxd5 Bg4 17. Nd2 h6 18. h3 Be6 19. Qxe6 fxe6 20. Rfc1 d5 21. exd5 exd5 22. Nf3 c4 23. bxc4 dxc4 24. dxc4 Qxc4 25. c3 a6 26. Nd4 Qf7 27. Rf1 Rad8 28. Rae1 Rd6 0-1

[Event "FRA-chT U20 0809"]
[Site "Sautron"]
[Date "2009.01.02"]
[Round "4.5"]
[White "Dieuleveut, Floriane"]
[Black "Haussernot, Cecile"]
[Result "0-1"]
[WhiteElo "1646"]
[BlackElo "1861"]
[PlyCount "64"]
[EventDate "2008.10.??"]
[EventType "team-tourn"]
[EventRounds "11"]
[EventCountry "FRA"]
[SourceTitle "EXT 2010"]
[Source "ChessBase"]
[SourceDate "2010.11.25"]
[SourceVersion "1"]
[SourceVersionDate "2010.11.25"]
[SourceQuality "1"]

1. e4 c5 2. Nc3 Nc6 3. f4 g6 4. Nf3 Bg7 5. Bc4 d6 6. d3 e6 7. 0-0 Nge7 8. Qe1 0-0 9. f5 d5 10. Bb3 d4 11. Ne2 exf5 12. Qh4 Na5 13. Bh6 Nxb3 14. Bxg7 Kxg7 15. axb3 h6 16. Qg3 Kh7 17. Ne5 Be6 18. Nf4 Qd6 19. Nc4 Bxc4 20. bxc4 g5 21. Nh5 Qxg3 22. Nxg3 f4 23. Ne2 f5 24. c3 fxe4 25. cxd4 exd3 26. Nc1 cxd4 27. Nxd3 Nf5 28. Nc5 Ne3 29. Rfc1 Rfc8 30. Nxb7 d3 31. Nd6 d2 32. Rcb1 Rd8 0-1

[Event "FRA-ch U10 Girls"]
[Site "Le Grand Bornand"]
[Date "2007.04.??"]
[Round "3"]
[White "Dieuleveut, Floriane"]
[Black "Duffaud, Celia"]
[Result "0-1"]
[WhiteElo "1530"]
[BlackElo "1340"]
[PlyCount "36"]
[EventDate "2007.04.07"]
[EventType "swiss"]
[EventRounds "9"]
[EventCountry "FRA"]
[SourceTitle "CBM 118 Extra"]
[Source "ChessBase"]
[SourceDate "2007.07.04"]
[SourceVersion "1"]
[SourceVersionDate "2007.07.04"]
[SourceQuality "1"]

1. e4 c6 2. d4 d5 3. Nc3 dxe4 4. Nxe4 Nf6 5. Ng3 Nbd7 6. Nf3 Nb6 7. Bf4 Bg4 8. Be2 e6 9. Qd2 Nbd5 10. Rd1 c5 11. Bb5+ Nd7 12. c4 Nb4 13. a3 Nc6 14. d5 exd5 15. Qxd5 Be7 16. Bxc6 bxc6 17. Qxc6 0-0 18. Qxd7 Bxd7 0-1